Catalog

Record Details

Catalog Search



Mluvnice řeckého jazyka : pracovní text pro vysoké školy Cover Image Book Book

Mluvnice řeckého jazyka : pracovní text pro vysoké školy Jindřich Niederle, Václav Niederle, Ladislav Varcl

Niederle, Jindřich (Author). Niederle, Václav (Added Author). Varcl, Ladislav (Added Author).

Record details

  • Physical Description: 228 s.
  • Edition: Fototypické vyd., dle vyd. z roku 1956
  • Publisher: Praha Scriptum 1991

Available copies

  • 1 of 1 copy available at Common Catalog SPOK.

Holds

  • 0 current holds with 1 total copy.
Show All Copies
Location Call Number / Copy Notes Barcode Shelving Location Status Due Date
ETS Library 485 424470011820 Volný výběr Available -

LDR 01149nam a2 00325
00139420
003CZ-PrJAB
00520090907000000.0
008000324s1991 xr e |||| |cze
009cz
035 . ‡a(CONS)5898
035 . ‡aKPS6804
040 . ‡aABG450
041 . ‡acze ‡agre
08214. ‡a485
100 . ‡7633 ‡aNiederle, Jindřich
245 . ‡aMluvnice řeckého jazyka : ‡bpracovní text pro vysoké školy ‡cJindřich Niederle, Václav Niederle, Ladislav Varcl
250 . ‡aFototypické vyd., dle vyd. z roku 1956
260 . ‡aPraha ‡bScriptum ‡c1991
300 . ‡a228 s.
653 . ‡aMluvnice řeckého jazyka ‡apracovní text pro vysoké školy
700 . ‡7634 ‡aNiederle, Václav
700 . ‡7635 ‡aVarcl, Ladislav
8524 . ‡bETS ‡bETS ‡cVolný výběr ‡j485 ‡gE ‡p424470007151
8524 . ‡bETS ‡bETS ‡cVolný výběr ‡j485 ‡gE ‡p424470007152
8524 . ‡bETS ‡bETS ‡cVolný výběr ‡j485 ‡gA ‡p424470007153
8524 . ‡bETS ‡bETS ‡cVolný výběr ‡j485 ‡gE ‡p424470008188
8524 . ‡bETS ‡bETS ‡cVolný výběr ‡j485 ‡gA ‡p424470011820
8524 . ‡bETS ‡bETS ‡cVolný výběr ‡j485 ‡gP ‡p424470009038 ‡xreference
910 . ‡aABG450
999 . ‡a5898 ‡bAUTOGEN ‡c5898 ‡tbiblio
905 . ‡uadmin
901 . ‡a39420 ‡b ‡c39420 ‡tbiblio ‡sets

Additional Resources